Essential biological psychology (Record no. 2191)

MARC details
000 -LEADER
fixed length control field 00554nam a22002057a 4500
003 - CONTROL NUMBER IDENTIFIER
control field OSt
005 - DATE AND TIME OF LATEST TRANSACTION
control field 20150827180024.0
008 - FIXED-LENGTH DATA ELEMENTS--GENERAL INFORMATION
fixed length control field 150827b xxu||||| |||| 00| 0 eng d
020 ## - INTERNATIONAL STANDARD BOOK NUMBER
International Standard Book Number 9781847875419
040 ## - CATALOGING SOURCE
Transcribing agency DDC
082 ## - DEWEY DECIMAL CLASSIFICATION NUMBER
Edition number 22nd ed.
Classification number 570 BAR 2013
100 ## - MAIN ENTRY--PERSONAL NAME
Personal name Barnes, Jim
9 (RLIN) 5601
245 ## - TITLE STATEMENT
Title Essential biological psychology
260 ## - PUBLICATION, DISTRIBUTION, ETC. (IMPRINT)
Place of publication, distribution, etc. Los Angeles;
Name of publisher, distributor, etc. Sage,
Date of publication, distribution, etc. 2013
300 ## - PHYSICAL DESCRIPTION
Extent xxvi,390p;
Other physical details col.ill:
Dimensions 23.5cm
504 ## - BIBLIOGRAPHY, ETC. NOTE
Bibliography, etc Glossary, references, & indeces included
650 ## - SUBJECT ADDED ENTRY--TOPICAL TERM
Topical term or geographic name as entry element Biology
9 (RLIN) 5602
650 ## - SUBJECT ADDED ENTRY--TOPICAL TERM
Topical term or geographic name as entry element Psychology
9 (RLIN) 31
942 ## - ADDED ENTRY ELEMENTS (KOHA)
Source of classification or shelving scheme Other/Generic Classification Scheme
Koha item type Open Shelf
Holdings
Withdrawn status Lost status Source of classification or shelving scheme Damaged status Not for loan Home library Current library Date acquired Source of acquisition Inventory number Total Checkouts Full call number Barcode Date last seen Koha item type
    Dewey Decimal Classification     MUST Main Library MUST Main Library 27/08/2015   14/38518   570 BAR 2013 2015-2146 27/08/2015 Open Shelf